[Event "KSB 24/25 Slavoj E - Koprivnice B"]
[Site "?"]
[Date "2024.12.01"]
[Round "4.1"]
[White "Dobrovolsky, Ladislav"]
[Black "Kadlec, Pavel"]
[Result "1-0"]
[WhiteElo "2118"]
[BlackElo "1849"]
[PlyCount "63"]
[EventDate "2024.??.??"]
[TimeControl "40/5400+30:0"]

{[%evp 0,63,22,22,22,-14,14,15,78,83,76,42,40,10,21,19,21,25,28,5,41,37,28,27,34,14,43,30,43,33,56,47,53,67,220,75,135,128,119,130,121,95,93,98,84,92,85,84,80,87,82,88,92,82,102,95,99,99,93,78,133,69,76,88,218,224]} 1. Nf3 Nf6 2. c4 c5 3. Nc3 d5 4. cxd5 Nxd5 5. e3 e6 6. d4 Nc6 7. Bd3 Be7 8. O-O O-O 9. Re1 cxd4 10. exd4 Nf6 11. a3 b6 12. Bc2 Bb7 13. Qd3 Nb8 14. Bg5 Ba6 15. Qd2 Nbd7 16. Rad1 Re8 17. Ba4 Nd5 18. Nxd5 exd5 19. Bc6 Rc8 20. Bxe7 Rxe7 21. Bxd5 Nf6 22. Bb3 Rxe1+ 23. Rxe1 Bb7 24. Ne5 Bd5 25. Bxd5 Qxd5 26. Rc1 Rxc1+ 27. Qxc1 h6 28. Qc8+ Kh7 29. Qc4 Qa5 30. Nf3 Qh5 31. h3 Nd5 32. g4 1-0

[Event "KSB 24/25 Slavoj E - Koprivnice B"]
[Site "?"]
[Date "2024.12.01"]
[Round "4.2"]
[White "Divis, Jan"]
[Black "Dostal, Radim"]
[Result "1/2-1/2"]
[WhiteElo "1706"]
[BlackElo "1956"]
[PlyCount "55"]
[EventDate "2024.??.??"]
[TimeControl "40/5400+30:0"]

{[%evp 0,55,22,38,36,32,35,26,26,19,43,24,72,46,55,12,6,16,16,-7,-5,3,11,10,33,18,22,10,5,-35,64,76,90,87,84,41,46,35,43,24,13,18,18,39,31,26,26,-38,-64,-46,-54,-59,-54,-49,-59,-46,-26,-26]} 1. e4 e6 2. d4 d5 3. exd5 exd5 4. Nf3 Bg4 5. h3 Bh5 6. Bf4 Nc6 7. c3 Bd6 8. Bxd6 Qxd6 9. Be2 O-O-O 10. Nbd2 Re8 11. O-O Nf6 12. Bb5 a6 13. Ba4 Ne4 14. Qc1 g5 15. Ne5 b5 16. Nxe4 dxe4 17. Bd1 Bxd1 18. Rxd1 Nxe5 19. dxe5 Qxe5 20. Qe3 Kb7 21. a4 f5 22. axb5 Qxb5 23. b4 f4 24. Qd4 e3 25. fxe3 fxe3 26. Ra5 Qb6 27. Qxb6+ Kxb6 28. Rxg5 1/2-1/2

[Event "KSB 24/25 Slavoj E - Koprivnice B"]
[Site "?"]
[Date "2024.12.01"]
[Round "4.3"]
[White "Dobes, Ludek"]
[Black "Novotny, Stanislav"]
[Result "1-0"]
[WhiteElo "1964"]
[BlackElo "1790"]
[PlyCount "89"]
[EventDate "2024.??.??"]
[TimeControl "40/5400+30:0"]

{[%evp 0,89,22,22,35,20,29,-7,7,-12,-16,-4,3,0,37,16,0,-3,-1,-6,27,12,20,26,5,9,66,10,29,19,55,30,69,108,100,83,112,88,97,46,129,176,269,300,302,308,294,325,317,189,192,220,221,183,182,190,199,194,199,185,192,180,183,187,202,203,197,194,198,198,250,259,269,300,342,294,304,314,316,316,333,317,422,425,535,527,596,601,706,736,737,779]} 1. d4 e6 2. Nf3 d5 3. c4 Nf6 4. cxd5 exd5 5. Nc3 c6 6. Bg5 Be7 7. Qc2 Bg4 8. e3 Nbd7 9. Bd3 Bh5 10. O-O-O Bg6 11. Bxg6 hxg6 12. Kb1 Nh5 13. h4 Nhf6 14. Rde1 Qc7 15. Bf4 Bd6 16. Bxd6 Qxd6 17. e4 Nxe4 18. Nxe4 dxe4 19. Qxe4+ Kd8 20. Ng5 Rf8 21. Nxf7+ Rxf7 22. Qe8+ Kc7 23. Qxf7 Rf8 24. Qe6 Rxf2 25. Qxd6+ Kxd6 26. g3 Nf6 27. Re5 Nd7 28. Rg5 Rf6 29. Re1 Nf8 30. Kc2 Ne6 31. Rg4 b5 32. b4 Nc7 33. a3 Nd5 34. Kd2 Nb6 35. Rf4 Nd5 36. Rxf6+ gxf6 37. Re8 f5 38. Rg8 Ne7 39. Ra8 Nd5 40. Rxa7 f4 41. g4 Nf6 42. Rg7 Ne4+ 43. Ke2 Kd5 44. Rxg6 Kxd4 45. Rxc6 1-0

[Event "KSB 24/25 Slavoj E - Koprivnice B"]
[Site "?"]
[Date "2024.12.01"]
[Round "4.4"]
[White "Brabec, Jiri"]
[Black "Kondula, Dominik"]
[Result "0-1"]
[WhiteElo "1624"]
[BlackElo "1870"]
[PlyCount "72"]
[EventDate "2024.??.??"]
[TimeControl "40/5400+30:0"]

{[%evp 0,72,38,22,65,64,67,40,50,42,43,25,39,-5,-16,-24,11,-35,-41,-72,-99,-86,-79,-77,-77,-83,-11,-117,-123,-131,-136,-133,-105,-76,-74,-90,-78,-90,-87,-90,-92,-89,-80,-67,-54,-107,0,-122,-109,-139,-75,-129,-114,-181,-192,-190,-184,-192,-181,-197,-194,-190,-202,-221,-235,-263,-239,-562,-571,-576,-589,-773,-787,-1927,-2136]} 1. d4 f5 2. Nf3 Nf6 3. e3 g6 4. Be2 Bg7 5. Nbd2 O-O 6. Ne5 d6 7. Nd3 Nbd7 8. Nf4 Nb6 9. c4 e5 10. Nd3 exd4 11. exd4 Re8 12. O-O Ne4 13. Nb3 Nxc4 14. Nf4 Nb6 15. a4 Nf6 16. a5 Nbd5 17. Bc4 Be6 18. Nxe6 Rxe6 19. Bg5 c6 20. a6 b5 21. Bxd5 cxd5 22. Nd2 Qb6 23. Nf3 Rc8 24. Re1 Re4 25. Qb3 Rc4 26. h3 Rxe1+ 27. Rxe1 Ne4 28. Be3 Qxa6 29. Qd3 Qb6 30. Rc1 a5 31. Rxc4 dxc4 32. Qc2 d5 33. Ne5 Bxe5 34. dxe5 d4 35. Bf4 d3 36. Qd1 Qxf2+ 0-1

[Event "KSB 24/25 Slavoj E - Koprivnice B"]
[Site "?"]
[Date "2024.12.01"]
[Round "4.5"]
[White "Kondula, Lukas"]
[Black "Prokop, Michal"]
[Result "1/2-1/2"]
[WhiteElo "1882"]
[BlackElo "1688"]
[PlyCount "50"]
[EventDate "2024.??.??"]
[TimeControl "40/5400+30:0"]

{[%evp 0,50,38,38,38,28,13,-56,-20,-23,-18,-23,-38,-15,-20,0,-10,-3,5,-46,24,15,26,50,48,31,49,39,50,37,37,37,30,33,34,1,14,27,40,51,56,14,35,22,20,-6,0,-20,-21,-12,-18,-14,-12]} 1. e4 e5 2. Nc3 Nf6 3. g3 Bc5 4. Bg2 d6 5. Nge2 Nc6 6. O-O O-O 7. Na4 Bb6 8. Nxb6 axb6 9. c3 d5 10. exd5 Nxd5 11. d4 exd4 12. Nxd4 Nxd4 13. Qxd4 Nf6 14. Qxd8 Rxd8 15. Bg5 c6 16. Rad1 Be6 17. Be3 b5 18. a3 Rd7 19. Rxd7 Nxd7 20. Rd1 Re8 21. h3 h5 22. h4 Ne5 23. Bf4 Nc4 24. Bc1 Bf5 25. Kf1 g6 1/2-1/2

[Event "KSB 24/25 Slavoj E - Koprivnice B"]
[Site "?"]
[Date "2024.12.01"]
[Round "4.6"]
[White "Prech, Vit"]
[Black "Gajda, Rostislav"]
[Result "0-1"]
[WhiteElo "1562"]
[BlackElo "1753"]
[PlyCount "40"]
[EventDate "2024.??.??"]
[TimeControl "40/5400+30:0"]

{[%evp 0,40,20,13,77,69,72,72,65,52,45,50,51,34,50,56,48,35,49,38,38,26,26,-40,-30,-30,-28,-22,-36,-24,-52,-199,-20,-23,-39,-10,-25,-21,-18,-112,-80,-247,-286]} 1. e4 d6 2. d4 Nf6 3. Nc3 Nbd7 4. Be3 e5 5. Nf3 c6 6. Qd2 h6 7. O-O-O Ng4 8. h3 Nxe3 9. Qxe3 Qc7 10. Bc4 Be7 11. Rd3 b5 12. Bb3 a5 13. a4 b4 14. Ne2 c5 15. Bd5 Rb8 16. dxe5 dxe5 17. b3 Nb6 18. c4 bxc3 19. Rxc3 O-O 20. Kb2 Nxa4+ 0-1

[Event "KSB 24/25 Slavoj E - Koprivnice B"]
[Site "?"]
[Date "2024.12.01"]
[Round "4.7"]
[White "Dostal, Petr"]
[Black "Ruta, Ondrej"]
[Result "1-0"]
[WhiteElo "1835"]
[BlackElo "1155"]
[PlyCount "65"]
[EventDate "2024.??.??"]
[TimeControl "40/5400+30:0"]

{[%evp 0,65,20,13,59,44,49,22,22,22,86,8,15,8,17,-3,23,-18,-37,-27,1,1,46,39,46,40,79,-11,50,56,61,66,81,85,137,88,99,96,96,82,76,78,72,-14,-17,-14,0,0,0,-38,3,17,120,101,207,198,873,888,885,918,1096,938,950,859,2247,2455,29993,29994]} 1. e4 c5 2. Nf3 Nc6 3. d4 cxd4 4. Nxd4 g6 5. c3 Bg7 6. Be3 Nf6 7. Bd3 Ne5 8. Bc2 Nc4 9. Bc1 e5 10. Nf3 d6 11. O-O O-O 12. b3 Nb6 13. Bg5 Qe7 14. c4 h6 15. Be3 Ng4 16. Bc1 f5 17. Nc3 fxe4 18. Bxe4 Bf5 19. Ba3 Rad8 20. Rc1 Nf6 21. Nd5 Nfxd5 22. Bxd5+ Nxd5 23. Qxd5+ Be6 24. Qa5 Rxf3 25. gxf3 Qg5+ 26. Kh1 Bh3 27. Rg1 Qh5 28. Qxd8+ Kh7 29. Rg3 e4 30. Qxd6 exf3 31. Qd5 Be5 32. Qf7+ Bg7 33. Bb2 1-0

[Event "KSB 24/25 Frenstat A - Hostalkovice"]
[Site "?"]
[Date "2024.12.01"]
[Round "4.1"]
[White "Krocek, Ivan"]
[Black "Zinglar, David"]
[Result "1/2-1/2"]
[WhiteElo "1788"]
[BlackElo "1951"]
[PlyCount "71"]

{[%evp 0,71,20,27,50,30,40,34,48,29,29,22,26,18,34,2,11,0,22,24,46,34,34,-20,35,40,17,-8,3,3,44,29,41,2,6,1,58,-27,-33,-31,-49,-43,-18,-47,-57,-75,-82,-77,-57,-63,-63,-172,-159,-249,-60,-136,-135,-224,-183,-204,-200,-192,-174,-206,-186,-303,-91,-86,-64,-63,-59,-68,-63,-72]} 1. e4 c5 2. b3 d6 3. Bb2 e6 4. d3 Nf6 5. g3 b5 6. Bg2 Bb7 7. Ne2 Be7 8. O-O Qc7 9. a4 a6 10. axb5 axb5 11. Nd2 Nbd7 12. Rxa8+ Bxa8 13. Nf3 O-O 14. Qd2 c4 15. Ra1 Nc5 16. e5 dxe5 17. Bxe5 Qb6 18. d4 Nce4 19. Qa5 Qxa5 20. Rxa5 cxb3 21. cxb3 Ng4 22. Rxb5 Ngxf2 23. Nd2 Nh3+ 24. Bxh3 Nxd2 25. Nc3 Nf3+ 26. Kf2 Nxh2 27. Na4 Nf3 28. Nc5 Nxe5 29. dxe5 Bc6 30. Ra5 Rb8 31. Bf1 Bd5 32. Bc4 Bxc5+ 33. Rxc5 g5 34. Bxd5 exd5 35. Rxd5 Rxb3 36. e6 1/2-1/2

[Event "KSB 24/25 Frenstat A - Hostalkovice"]
[Site "?"]
[Date "2024.12.01"]
[Round "4.2"]
[White "Smetana, David"]
[Black "Klabazna, Michal"]
[Result "1-0"]
[WhiteElo "1897"]
[BlackElo "1976"]
[PlyCount "100"]

{[%evp 0,100,27,-9,7,-48,-34,-21,-17,-31,-11,1,17,3,52,25,54,33,80,76,83,69,69,65,37,40,37,29,34,34,35,31,48,36,32,-8,56,56,52,44,30,32,37,19,39,46,75,40,44,44,50,43,38,39,37,21,162,40,44,36,53,92,100,76,111,127,122,143,120,122,126,115,122,136,128,113,136,140,123,110,124,120,122,132,150,130,127,123,153,128,155,91,228,152,177,160,149,122,239,144,174,124,622]} 1. c4 Nf6 2. d3 d5 3. cxd5 Nxd5 4. g3 e6 5. Bg2 Bb4+ 6. Bd2 Bxd2+ 7. Qxd2 Qd6 8. Nc3 c6 9. Nf3 Nd7 10. O-O O-O 11. d4 b6 12. e4 Nxc3 13. bxc3 Ba6 14. Rfd1 Rac8 15. a4 Rfd8 16. Qa2 Qe7 17. c4 Nf6 18. e5 Ne8 19. Qb3 Nc7 20. a5 b5 21. c5 Bb7 22. Rd3 a6 23. Ne1 Nd5 24. Nc2 Qc7 25. Bxd5 Rxd5 26. f4 Rcd8 27. Rad1 Qd7 28. Qc3 Qe7 29. Ne1 Qc7 30. Nf3 Qe7 31. Ng5 h6 32. Ne4 R5d7 33. Nd6 Rf8 34. Qd2 Rb8 35. Qb4 Rbd8 36. Qd2 Rb8 37. Qc3 Rbd8 38. Qb2 Rb8 39. Kf2 Rbd8 40. Rf1 Bc8 41. Qe2 Rc7 42. Qh5 Bd7 43. Qf3 g6 44. g4 Bc8 45. h4 Kg7 46. Qg3 Kh7 47. Ne4 Kh8 48. Rh1 Rcd7 49. Nd6 Rg8 50. Kf3 g5 1-0

[Event "KSB 24/25 Frenstat A - Hostalkovice"]
[Site "?"]
[Date "2024.12.01"]
[Round "4.3"]
[White "Halamicek, Robert"]
[Black "Pisa, Vladimir"]
[Result "1-0"]
[WhiteElo "1818"]
[BlackElo "1872"]
[PlyCount "93"]

{[%evp 0,93,27,27,46,56,44,2,74,69,70,63,81,63,76,41,71,50,58,60,68,48,47,33,39,49,53,62,62,56,73,32,36,38,34,33,24,23,32,10,13,-51,-50,-53,-51,-51,48,30,19,0,0,0,43,55,61,-37,-33,-37,-47,-33,-33,-32,-57,-56,-14,-55,-13,-25,-10,-10,-10,-31,37,48,41,56,78,92,154,151,150,155,219,239,365,411,411,464,502,505,502,456,537,566,611,622]} 1. e4 c5 2. Nf3 Nc6 3. c3 d6 4. d4 cxd4 5. cxd4 Nf6 6. Nc3 g6 7. Bb5 Bd7 8. O-O Bg7 9. d5 Ne5 10. Nxe5 dxe5 11. Qa4 a6 12. Bxd7+ Nxd7 13. Be3 O-O 14. Rac1 b5 15. Qd1 Nb6 16. b3 Nc8 17. Qd3 Nd6 18. Rc2 Qd7 19. Ne2 f5 20. f3 fxe4 21. fxe4 Rxf1+ 22. Kxf1 h5 23. Bc5 Qg4 24. Bxd6 exd6 25. Kg1 Bh6 26. h3 Qg5 27. Qg3 Qxg3 28. Nxg3 Be3+ 29. Kf1 Bc5 30. Rc3 a5 31. Ke2 b4 32. Rc2 a4 33. Kd3 axb3 34. axb3 Ra1 35. Ne2 Kf7 36. Nc1 Kf6 37. Kc4 Kg5 38. Nd3 Rd1 39. Nxc5 Rd4+ 40. Kb5 dxc5 41. Kxc5 Rxe4 42. Rd2 Rf4 43. d6 Rf8 44. d7 Rd8 45. Kc6 Kf6 46. Kc7 Ke7 47. Rd5 1-0

[Event "KSB 24/25 Frenstat A - Hostalkovice"]
[Site "?"]
[Date "2024.12.01"]
[Round "4.4"]
[White "Cyron, Karel"]
[Black "Klecker, David"]
[Result "1-0"]
[WhiteElo "1733"]
[BlackElo "1762"]
[PlyCount "81"]

{[%evp 0,81,27,27,22,22,22,17,16,-5,-5,-5,36,-17,28,0,22,-12,-7,-11,24,11,28,34,58,62,43,63,69,80,80,74,130,112,106,99,110,94,123,117,125,72,73,76,106,82,118,118,135,125,181,186,185,176,177,112,158,150,131,111,149,146,146,144,198,189,189,138,129,132,167,0,47,-84,179,67,192,185,129,177,436,504,824,850]} 1. e4 e5 2. Nf3 Nc6 3. Bb5 a6 4. Ba4 b5 5. Bb3 d6 6. c3 Bg4 7. d3 Be7 8. Nbd2 Nf6 9. h3 Bh5 10. Nf1 h6 11. Ng3 Bg6 12. Nh4 Bh7 13. Nhf5 O-O 14. O-O Qd7 15. a4 Rab8 16. axb5 axb5 17. Ra6 Nd8 18. Be3 Re8 19. Qe2 Ne6 20. Nxe7+ Qxe7 21. Rfa1 Nd7 22. Ra7 Ndc5 23. Bd5 Rec8 24. d4 exd4 25. cxd4 Nd7 26. Bb7 Rd8 27. Qxb5 Qf6 28. Qa4 Nb6 29. Qb4 Nd7 30. Qc3 c5 31. d5 Qxc3 32. bxc3 Nef8 33. R1a6 Ne5 34. f3 g5 35. f4 Nc4 36. Bc1 f6 37. fxg5 hxg5 38. Nh5 Nd7 39. Bc6 Nce5 40. Bxd7 Rxd7 41. Nxf6+ 1-0

[Event "KSB 24/25 Frenstat A - Hostalkovice"]
[Site "?"]
[Date "2024.12.01"]
[Round "4.5"]
[White "Georgiu, Dimitry"]
[Black "Kolarik, Tomas"]
[Result "0-1"]
[WhiteElo "1722"]
[BlackElo "1778"]
[PlyCount "114"]

{[%evp 0,114,19,29,23,-4,1,-22,-23,-23,-2,-5,4,10,30,-8,63,52,51,37,53,71,60,82,70,65,77,79,92,83,97,88,163,161,159,165,165,165,168,165,165,143,143,147,159,119,156,126,161,157,148,165,230,178,163,170,225,181,229,121,159,48,58,36,154,199,199,238,249,228,245,238,258,134,181,185,300,143,274,219,260,89,186,155,187,178,182,163,142,154,163,165,226,249,305,203,789,472,29991,319,335,341,322,262,291,242,233,180,247,-369,112,-29993,-29994,-29997,-29998,-29999,-30000]} 1. Nf3 d5 2. c4 e6 3. g3 Nf6 4. Bg2 c6 5. b3 Nbd7 6. Bb2 Qb6 7. Qc2 Be7 8. O-O O-O 9. d4 a5 10. Nbd2 Qd8 11. e4 dxe4 12. Nxe4 Nxe4 13. Qxe4 Nf6 14. Qc2 h6 15. Rfe1 b6 16. Ne5 Bb7 17. Nxc6 Bxc6 18. Bxc6 Rc8 19. Bg2 Qc7 20. a4 Rfd8 21. Rad1 Qa7 22. Qe2 Qc7 23. Bc1 Bf8 24. Bf4 Qa7 25. Qf3 Qe7 26. Be5 Nd7 27. Bf4 Nf6 28. Bc1 Rd7 29. g4 Qb4 30. g5 hxg5 31. Bxg5 Nh7 32. Bd2 Qa3 33. Bc1 Qb4 34. Bd2 Qa3 35. Bc1 Qb4 36. Qd3 Bc5 37. d5 exd5 38. Bxd5 Bf8 39. Qf5 Rcc7 40. Be4 g6 41. Qf3 Bg7 42. Bd5 Re7 43. Bd2 Rxe1+ 44. Bxe1 Qe7 45. Bd2 Ng5 46. Qe3 Nh7 47. Re1 Bf8 48. Qxb6 Qd7 49. Bf4 Qg4+ 50. Bg3 Rd7 51. Qxa5 Ng5 52. Bg2 Rd1 53. Qc3 Qe2 54. f3 Nxf3+ 55. Bxf3 Bc5+ 56. Kh1 Rxe1+ 57. Qxe1 Qxf3# 0-1

[Event "KSB 24/25 Frenstat A - Hostalkovice"]
[Site "?"]
[Date "2024.12.01"]
[Round "4.6"]
[White "Safarcik, Miroslav"]
[Black "Sindler, Vaclav"]
[Result "0-1"]
[WhiteElo "1595"]
[BlackElo "1744"]
[PlyCount "96"]

{[%evp 0,96,27,20,20,-20,-16,-16,-4,0,0,-20,17,17,16,-11,-19,-22,10,5,20,18,20,20,33,30,47,42,52,0,2,2,0,-6,18,13,19,13,19,-57,-39,-8,-38,-57,-55,-70,-73,-142,-125,-125,-117,-125,-143,-143,-127,-106,-124,-133,-125,-431,-441,-29983,-333,-522,-606,-616,-684,-726,-412,-418,-401,-403,-403,-402,-420,-380,-401,-548,-345,-372,-330,-348,-362,-426,-373,-453,-452,-840,-847,-1145,-1174,-1175,-376,-395,-419,-421,-397,-393,-352]} 1. Nf3 d5 2. b3 Nc6 3. Bb2 Bg4 4. e3 e5 5. Be2 e4 6. Nd4 Bxe2 7. Nxe2 Nf6 8. O-O Be7 9. d3 O-O 10. Nd2 exd3 11. cxd3 Nb4 12. Nf3 Nc6 13. Ng3 Qd7 14. Bxf6 Bxf6 15. d4 g6 16. Rc1 Ne7 17. Qc2 c6 18. Rfd1 h5 19. b4 h4 20. Ne2 h3 21. Nf4 hxg2 22. Nxg2 Qg4 23. Ne5 Bxe5 24. dxe5 Nf5 25. Kf1 Qh3 26. Kg1 Kg7 27. Nf4 Qg4+ 28. Kf1 Qf3 29. Ng2 Rh8 30. Qe2 Qh3 31. f3 Qxh2 32. Ke1 Qxe5 33. Kd2 Qb2+ 34. Rc2 Qxb4+ 35. Kc1 Rh2 36. Qd3 Rah8 37. a3 Qa5 38. e4 Ne7 39. Qd4+ Kf8 40. a4 Rh1 41. exd5 Rxd1+ 42. Qxd1 Nxd5 43. Rd2 Qc3+ 44. Rc2 Qa1+ 45. Kd2 Qxd1+ 46. Kxd1 Rh1+ 47. Ke2 Rh2 48. Kf1 Nf4 0-1

[Event "KSB 24/25 Frenstat A - Hostalkovice"]
[Site "?"]
[Date "2024.12.01"]
[Round "4.7"]
[White "Hanus, Michal"]
[Black "Peska, Jan"]
[Result "1-0"]
[WhiteElo "1432"]
[BlackElo "1684"]
[PlyCount "89"]

{[%evp 0,89,22,22,73,73,75,69,56,40,53,35,20,16,22,-17,4,0,-27,-42,-16,-10,-4,-6,-4,3,7,-2,17,32,14,20,22,-15,-19,-108,-47,-52,-50,-90,15,-20,68,68,58,58,53,50,245,242,369,358,447,299,280,311,305,195,209,123,80,71,162,0,3,-11,-9,-10,-10,-4,15,-49,-59,-131,-131,-131,-61,-129,53,49,185,203,204,327,345,368,452,449,696,600,29989,29990]} 1. e4 c6 2. d4 d5 3. e5 Bf5 4. h4 h6 5. Nf3 e6 6. h5 a6 7. Be3 Nd7 8. c3 c5 9. Bd3 Bxd3 10. Qxd3 Rc8 11. Nbd2 cxd4 12. cxd4 Ne7 13. Nb3 Nf5 14. Bd2 Qb6 15. g4 Ne7 16. Nh4 Nc6 17. a3 Be7 18. f4 Bxh4+ 19. Rxh4 Qd8 20. Rh2 f6 21. Qg6+ Kf8 22. g5 Qe8 23. exf6 Qxg6 24. hxg6 gxf6 25. gxh6 Ke7 26. Kf2 f5 27. Rg1 Rcg8 28. Ke3 Nf6 29. g7 Rh7 30. Rh4 Ng4+ 31. Rgxg4 fxg4 32. Kf2 Kf7 33. f5 exf5 34. Kg3 Re8 35. Kf2 Re6 36. Rh5 Ne7 37. Nc5 Rb6 38. b4 Kg8 39. Bg5 Nc8 40. Nd7 Rc6 41. Nf6+ Rxf6 42. Bxf6 Nd6 43. Be5 Ne4+ 44. Kg2 Nc3 45. Rxf5 1-0

[Event "KSB 24/25 Brusperk - Dobra B"]
[Site "?"]
[Date "2024.12.01"]
[Round "4.1"]
[White "Grepl, Lukas"]
[Black "Zemkova, Klara"]
[Result "1-0"]
[WhiteElo "1940"]
[BlackElo "1943"]
[PlyCount "101"]
[TimeControl "240+2"]

{475MB, Fritz9.ctg} 1. e4 c6 2. d4 d5 3. e5 Bf5 4. h4 h5 5. Bd3 Bxd3 6. Qxd3 e6
7. Bg5 Qb6 8. Nd2 Nd7 9. Ngf3 Ne7 10. Bxe7 Bxe7 11. Ng5 Bxg5 12. hxg5 O-O-O 13.
c4 f6 14. c5 Qb5 15. Qxb5 cxb5 16. gxf6 gxf6 17. f4 Rdg8 18. Kf2 Rg4 19. g3
fxe5 20. dxe5 Kc7 21. b4 Nb8 22. Nf3 Nc6 23. a3 Kd7 24. Rh2 a5 25. bxa5 Nxa5
26. Nd4 h4 27. Rxh4 Rhxh4 28. Kf3 Rxf4+ 29. gxf4 Rh3+ 30. Kg4 Rd3 31. Nxb5 Nb3
32. Rh1 Nxc5 33. Rh7+ Kc6 34. Nc7 Rxa3 35. Re7 b5 36. Nxe6 Nxe6 37. Rxe6+ Kc5
38. f5 Ra1 39. f6 Rf1 40. Re8 b4 41. Kg5 Kd4 42. e6 Ke5 43. f7 d4 44. f8=Q Rxf8
45. Rxf8 Kxe6 46. Kf4 Kd5 47. Rc8 b3 48. Kf3 b2 49. Rb8 Kc4 50. Rxb2 Kc3 51.
Rh2 1-0

[Event "KSB 24/25 Brusperk - Dobra B"]
[Site "?"]
[Date "2024.12.01"]
[Round "4.2"]
[White "Keprt, Pavel"]
[Black "Vlasek, Roman"]
[Result "1-0"]
[WhiteElo "1997"]
[BlackElo "1924"]
[PlyCount "65"]
[TimeControl "240+2"]

{475MB, Fritz9.ctg} 1. e4 c6 2. d4 d5 3. e5 c5 4. dxc5 e6 5. Nf3 Bxc5 6. Bd3
Nc6 7. c3 a5 8. O-O Nge7 9. Re1 Qb6 10. Qe2 Ng6 11. g3 Ngxe5 12. Nxe5 Nxe5 13.
Qxe5 Bxf2+ 14. Kf1 Bxe1 15. Qxe1 Bd7 16. Qe2 O-O-O 17. Be3 Qc6 18. Na3 e5 19.
Kg1 Qd6 20. Nb5 Bxb5 21. Bxb5 Kc7 22. Rd1 Qe6 23. Bc5 h5 24. b4 b6 25. Bf2 Ra8
26. a4 g6 27. bxa5 bxa5 28. Qe3 Qd6 29. Qf3 f5 30. Rxd5 e4 31. Qd1 Qe6 32. Rd7+
Kc8 33. Qd4 1-0

[Event "KSB 24/25 Brusperk - Dobra B"]
[Site "?"]
[Date "2024.12.01"]
[Round "4.3"]
[White "Lipovsky, Tomas"]
[Black "Macicek, Jan"]
[Result "0-1"]
[WhiteElo "1848"]
[BlackElo "1846"]
[PlyCount "128"]
[TimeControl "240+2"]

{475MB, Fritz9.ctg} 1. e4 d6 2. d4 Nf6 3. Nc3 g6 4. Nf3 Bg7 5. Bc4 O-O 6. O-O
Nxe4 7. Bxf7+ Rxf7 8. Nxe4 Bg4 9. Neg5 Rf8 10. h3 Bf5 11. Qe2 Qd7 12. d5 Na6
13. c3 Nc5 14. Re1 Rae8 15. Nd4 Bxd4 16. cxd4 Nd3 17. Rd1 Nb4 18. g4 Nc2 19.
gxf5 Nxa1 20. fxg6 Qf5 21. Ne6 Rf6 22. gxh7+ Kh8 23. Bg5 Rxe6 24. dxe6 Qxg5+
25. Kf1 Qd5 26. Qe3 Rf8 27. b3 Rf6 28. Qg3 Qh1+ 29. Ke2 Qe4+ 30. Kf1 Rg6 31.
Qe3 Qxe3 32. fxe3 Nc2 33. Ke2 Rxe6 34. Kd3 Nb4+ 35. Kc4 a5 36. a3 Nc2 37. Kd3
Nxa3 38. Ra1 Nb5 39. Rxa5 c6 40. d5 Rh6 41. Ra8+ Kxh7 42. Re8 Rh5 43. Rxe7+ Kg6
44. e4 Rxh3+ 45. Kc4 Rh7 46. Re8 Kf6 47. Rc8 Rc7 48. Re8 Kf7 49. Rh8 Kf6 50.
Rh6+ Ke5 51. Re6+ Kf4 52. b4 Rd7 53. e5 dxe5 54. dxc6 bxc6 55. Rxc6 Nd4 56.
Rf6+ Ke4 57. b5 Rc7+ 58. Kb4 Kd5 59. b6 Rc1 60. Rf8 Nc6+ 61. Kb5 Rb1+ 62. Ka6
e4 63. b7 e3 64. Re8 Rb3 0-1

[Event "KSB 24/25 Brusperk - Dobra B"]
[Site "?"]
[Date "2024.12.01"]
[Round "4.4"]
[White "Vala, Simon"]
[Black "Tvrdy, Petr"]
[Result "1-0"]
[WhiteElo "1894"]
[BlackElo "1716"]
[PlyCount "64"]
[TimeControl "240+2"]

{475MB, Fritz9.ctg} 1. d4 e6 2. Bf4 d5 3. c3 c5 4. e3 Nc6 5. Nf3 Nf6 6. Bd3 Be7
7. Nbd2 Nh5 8. Be5 Nxe5 9. Nxe5 Nf6 10. g4 Nd7 11. Ndf3 a6 12. h4 f6 13. Nxd7
Bxd7 14. Qc2 Qb6 15. Bxh7 O-O-O 16. Bd3 c4 17. Be2 g5 18. O-O-O gxh4 19. Nxh4
Bd6 20. f4 a5 21. Ng6 Rxh1 22. Rxh1 a4 23. a3 e5 24. fxe5 fxe5 25. dxe5 Bc5 26.
Rh7 Rg8 27. Nh4 Bxe3+ 28. Kb1 Qc7 29. e6 Qh2 30. exd7+ Kd8 31. Qxa4 Qxe2 32.
Qa8+ Kc7 1-0

[Event "KSB 24/25 Brusperk - Dobra B"]
[Site "?"]
[Date "2024.12.01"]
[Round "4.5"]
[White "Genserovsky, Milan"]
[Black "Bok, Tomas"]
[Result "1-0"]
[WhiteElo "1761"]
[BlackElo "1803"]
[PlyCount "78"]
[TimeControl "240+2"]

{475MB, Fritz9.ctg} 1. d4 Nf6 2. c4 e5 3. dxe5 Ng4 4. Nf3 Nc6 5. e3 Ngxe5 6.
Nxe5 Nxe5 7. Nc3 Be7 8. Be2 O-O 9. b3 c6 10. O-O f5 11. f4 Ng6 12. Bb2 d6 13.
Qd3 Be6 14. Rad1 Qa5 15. Bf3 Rad8 16. Qc2 Qb6 17. Kh1 Rd7 18. Rfe1 Qc7 19. Ne2
Bf6 20. Nd4 Bxd4 21. Bxd4 b6 22. g3 d5 23. c5 b5 24. b4 a5 25. a3 Ra8 26. Ra1
a4 27. h4 Rf8 28. h5 Nh8 29. Qb2 h6 30. Rg1 Qd8 31. Rg2 Kh7 32. Rag1 Rg8 33. g4
Qh4+ 34. Rh2 Qe7 35. g5 g6 36. hxg6+ Rxg6 37. Bxh8 Qe8 38. Bh5 d4 39. Bxg6+
Kxg6 1-0

[Event "KSB 24/25 Brusperk - Dobra B"]
[Site "?"]
[Date "2024.12.01"]
[Round "4.6"]
[White "Halamicek, Radek"]
[Black "Hora, Jan"]
[Result "1-0"]
[WhiteElo "1769"]
[BlackElo "1690"]
[PlyCount "55"]
[TimeControl "240+2"]

{475MB, Fritz9.ctg} 1. e4 e6 2. d4 d5 3. Nd2 c5 4. c3 Nc6 5. Ngf3 Bd7 6. Bd3
Qb6 7. exd5 exd5 8. Qe2+ Be7 9. dxc5 Qxc5 10. Nb3 Qd6 11. O-O Nf6 12. Be3 b6
13. Rfe1 O-O 14. Rad1 Rfe8 15. Qd2 Bg4 16. Bf4 Qd8 17. Be2 Bd6 18. Bg5 Be6 19.
Bb5 Rc8 20. Nbd4 Nxd4 21. Nxd4 Rf8 22. Rxe6 fxe6 23. Nxe6 Bxh2+ 24. Kh1 Qd6 25.
Nxf8 Rxf8 26. Bxf6 Rxf6 27. Qxd5+ Kh8 28. Qa8+ 1-0

[Event "KSB 24/25 Brusperk - Dobra B"]
[Site "?"]
[Date "2024.12.01"]
[Round "4.7"]
[White "Blecha, Josef"]
[Black "Soural, Jiøí"]
[Result "1-0"]
[WhiteElo "1842"]
[BlackElo "1774"]
[PlyCount "69"]
[TimeControl "240+2"]

{475MB, Fritz9.ctg} 1. e4 e5 2. Nf3 Nc6 3. Bc4 Nf6 4. d3 Be7 5. Nc3 O-O 6. Nd5
d6 7. c3 Na5 8. Nxe7+ Qxe7 9. Bb3 h6 10. Bc2 c5 11. h3 Nc6 12. O-O b5 13. Re1
Bb7 14. Nh2 Rad8 15. Ng4 Nh7 16. Ne3 Bc8 17. Nd5 Qb7 18. Ne3 Be6 19. Qh5 Ne7
20. Qe2 Qd7 21. Kh2 f5 22. exf5 Nxf5 23. Bb3 c4 24. dxc4 Nxe3 25. Bxe3 bxc4 26.
Bxc4 d5 27. Bb3 Qd6 28. Kg1 Rf6 29. Rad1 Qc7 30. Qb5 Kh8 31. Bxd5 Bd7 32. Qc5
Qb8 33. Qxa7 Qxb2 34. Qc7 Rff8 35. Be6 1-0